States of Tonga by Picture - Statistics

General Stats
  • This quiz has been taken 8 times
  • The average score is 4 of 6
Answer Stats
Picture Answer % Correct
Ha'apai
100%
Tongatapu
100%
Vava'u
100%
Niuafo'ou
57%
Niuatoputapu
43%
Tafahi
29%
No matching quizzes found
Score Distribution
Percent of People with Each Score
Percentile by Number Answered
Your Score History
You have not taken this quiz